00748nam a2200181 a 450000500170000000800410001702000180005805000220007610000210009824501020011926000320022130000220025350000650027565000510034094200170039199900170040895201410042520140310183356.0130326s19uu xx 00 eng d a9781441123244 aPN 441b.W65 2010 aWolfreys, Julian aLiterature, in theory :btropes, subjectivities, responses & responsibilities /cJulian Wolfreys. aLondon :bContinuum,c2010. a306 p. :c23 cm.  aIncludes bibliographical references (p. [285]-299) and index aLiteraturexHistory and criticismxTheory, etc cBK2lcckFOR c22238d22238 00102lcc40aCLbCLcGCd2013-03-26eDONATIONg2240.00l1oPN 441 .W65 2010pC16047r2018-05-15 00:00:00s2017-06-16t1w2013-10-10yBK